| 000 | 01396cam a2200349 a 4500 | ||
|---|---|---|---|
| 999 |
_c26934 _d26934 |
||
| 001 | 1106936 | ||
| 003 | OSt | ||
| 005 | 20170207093058.0 | ||
| 008 | 930812s1994 caua b 001 0 eng | ||
| 010 | _a 93023415 | ||
| 020 | _a0803960840 | ||
| 020 | _a0803960859 (pbk.) | ||
| 040 |
_aDLC _cDLC _dDLC |
||
| 043 | _an-us--- | ||
| 050 | 0 | 0 | _aLB3012 .S54 1994 |
| 082 | 0 | 0 |
_a371.5/0973 _220 |
| 100 | 1 |
_aShort, Paula M. _d1994- |
|
| 245 | 1 | 0 |
_aRethinking student discipline : _balternatives that work / _cPaula M. Short, Rick Jay Short, Charlie Blanton. |
| 260 |
_aThousand Oaks, Calif. : _bCorwin Press, _c1994. |
||
| 300 |
_axiv, 121 p. : _bill. ; _c24 cm. |
||
| 440 | 0 | _aPrincipals taking action series | |
| 500 | _aIncludes bibliographical references (p. 107-113) and indexes. | ||
| 504 | _aIncludes bibliographical references (p. 107-113) and indexes. | ||
| 650 | 0 |
_aSchool discipline _zUnited States. |
|
| 650 | 0 |
_aClassroom management _zUnited States. |
|
| 700 | 1 | _aShort, Rick Jay. | |
| 700 | 1 | _aBlanton, Charlie. | |
| 856 | 4 | 2 |
_3Publisher description _uhttp://www.loc.gov/catdir/enhancements/fy0655/93023415-d.html |
| 856 | 4 | 1 |
_3Table of contents only _uhttp://www.loc.gov/catdir/enhancements/fy0655/93023415-t.html |
| 906 |
_a7 _bcbc _corignew _d1 _eocip _f19 _gy-gencatlg |
||
| 942 |
_2lcc _cBOOKS _hLB3012 .S54 1994 _k34619 |
||